Феномен слова в християнському культі України (Запис № 309066)

МАРК-запис
000 -Лідер
fixed length control field 00596nam a22002417a 4500
003 - Ідентифікатор контрольного номера
control field UA-OsUOA
001 - Контрольний номер
control field 22836
007 - Фіксоване поле фізичного опису
fixed length control field ta
008 - Елементи даних фіксованої довжини – загальна інформація
fixed length control field 20031225b un ||||| |||| 00| 0 ukr d
090 ## - Локальний шифр розміщення
Класифікаційний індекс УДК 2 (091)(477)
Авторський знак (НП) Б11
040 ## - Джерело каталогізації
Агенція оригінальної каталогізації UA-OsUOA
Мова каталогізації ukr
Агенція, яка здійснювала перезапис UA-OsUOA
Агенція, яка здійснювала модифікацію UA-OsUOA
041 ## - Код мови
Код мови тексту/ звукової доріжки чи окремого заголовка (П) ukr
080 ## - Індекс Універсальної десяткової класифікації
Індекс Універсальної десяткової класифікації (УДК) (НП) 2 (091)(477)
044 ## - Код країни видавця/ виробника
Код країни видавця/ виробника (П) UA
100 ## - Основне введення – ім’я особи
Ім’я особи (НП) Біленко Т.
245 ## - Відомості про назву
Назва (НП) Феномен слова в християнському культі України
260 ## - Публікація, розповсюдження і т.п. (Вихідні дані)
Місце публікації, розповсюдження і т.п. (П) Дрогобич
Дата публікації, розповсюдження і т.п. (П) 1993
300 ## - Фізичний опис
Обсяг 94 с.
650 #7 - Додаткове предметне введення – тематичний термін
Джерело заголовка чи терміна UDC
942 ## - Додаткові елементи входу (Коха)
Тип елемента Koha Книги
955 ## - Код типу видання за змістом
Код типу видання за змістом (НП) інше
Фонди
Стан вилучень Стан втрат Джерело класифікації або схеми стелажів Стан уражень Не для кредиту Постійне місце розташування Поточне розміщення Дата придбання Інвентарний номер Усього замовленно Повний номер виклику Штрих-код Дата останнього перегляду Ціна ефективна від Тип елемента Koha Вартість, звичайна ціна покупки
    Universal Decimal Classification     АБ - Абонемент НБ АБ - Абонемент НБ 14/07/2006 38564   2 (091)(477) Б11 38564 23/06/2022 25/12/2003 Книги  
    Universal Decimal Classification     АБ - Абонемент НБ АБ - Абонемент НБ 11/07/2006 38572   2 (091)(477) Б11 38572 23/06/2022 25/12/2003 Книги  
    Universal Decimal Classification     ЧЗ - Читальна зала ЧЗ - Читальна зала 25/12/2003 63314   2 (091)(477) Б11 63314 07/02/2022 25/12/2003 Книги 7.00
    Universal Decimal Classification     ЧЗ - Читальна зала ЧЗ - Читальна зала 25/12/2003 63315   2 (091)(477) Б11 63315 07/02/2022 25/12/2003 Книги 25.00
    Universal Decimal Classification     ЧЗ - Читальна зала ЧЗ - Читальна зала 25/12/2003 63316   2 (091)(477) Б11 63316 07/02/2022 25/12/2003 Книги 3.00